000 00726nam a2200229 a 4500
005 20191224041737.0
008 140114b2003 ck ||||| |||| 00| 0 spa d
040 _aCO-BoIAVH
_cCO-BoIAVH
041 _aspa
090 _aEA
_b00019
110 _bCorporación Autónoma Regional del Centro de Antioquia
_93943
245 1 _aViaje del agua
_bcartilla de manejo
260 _aMedellín
_bAlcaldía de Medellín
_bCorantioquia
_bSimpad
_bUniversidad EAFIT
_c2003
300 _a46 paginas
650 1 4 _aQuebradas
_965476
650 1 4 _aMedición de Lluvia
_965472
650 1 4 _aUso de Pluviometro
_965473
650 1 4 _aNubes Concepto
_965474
650 1 4 _aNubes identificación
_965477
942 _cFolleto
_2z
945 _d2005-05-16
999 _c4458
_d4458